000 00466nam a2200181Ia 4500
001 11925
005 20260306162904.0
008 260306t2022||||xx |||||||||||||| ||spa||
041 _aESP
082 _aHR 327
_bENE-JUN 2022 PI
110 _aAcademia Diplomática del Perú Javier Pérez de Cuéllar
245 0 _aPolítica internacional
260 _c2022
300 _a177 páginas :
_c24 cm.
650 _aGEN
654 _aCDE
942 _cREV
_dJUS
_fJUS
_2ddc
_n
999 _c11925
_d11925